| Поле | Название | Значение |
| |
Тип записи |
a |
| |
Библиографический уровень |
a |
| 001 |
Контрольный номер |
RU/CBS_UL/BASE/594291667 |
| 005 |
Дата корректировки |
20250225142336.9 |
| 100 |
Данные общей обработки |
__ |
| a |
Данные общей обработки |
20181031d2018 ||| 0rusy0189 ca |
| 101 |
Язык документа |
0_ |
| a |
Язык текста |
rus |
| 102 |
Страна публикации |
__ |
| a |
Страна публикации |
RU |
| 105 |
Кодированные данные (монография) |
__ |
| a |
Кодированные данные (монография) |
y###||||000|y |
| 200 |
Заглавие и сведения об ответственности |
1_ |
| a |
Заглавие |
Октябрь 2018 |
| e |
Сведения, относящиеся к заглавию |
[юбилейный календарь] |
| 300 |
Общие примечания |
__ |
| a |
Общие примечания |
Ограничения по возрасту - 12+ |
| 461 |
Уровень набора |
_0 |
| 1 |
|
2000 |
| a |
|
Симбирскъ |
| 463 |
Уровень физической единицы |
_0 |
| 1 |
|
001RU/CBS_UL/BASE/594209363 |
| 1 |
|
2000 |
| a |
|
№ 9 |
| v |
|
С. 87-90 |
| 1 |
|
210 |
| d |
|
2018 |
| 600 |
Персоналии |
_0 |
| a |
Персоналии (Фамилия) |
Коновалов |
| b |
Персоналии (Имя, инициалы) |
Г. И. |
| 600 |
Персоналии |
_0 |
| a |
Персоналии (Фамилия) |
Наумов |
| b |
Персоналии (Имя, инициалы) |
А. Н. |
| 600 |
Персоналии |
_0 |
| a |
Персоналии (Фамилия) |
Комиссаров |
| b |
Персоналии (Имя, инициалы) |
Г. И. |
| 600 |
Персоналии |
_0 |
| a |
Персоналии (Фамилия) |
Ерофеев |
| b |
Персоналии (Имя, инициалы) |
В. В. |
| 600 |
Персоналии |
_0 |
| a |
Персоналии (Фамилия) |
Сорокин |
| b |
Персоналии (Имя, инициалы) |
Е. Ф. |
| 600 |
Персоналии |
_0 |
| a |
Персоналии (Фамилия) |
Аксаков |
| b |
Персоналии (Имя, инициалы) |
И. С. |
| 600 |
Персоналии |
_0 |
| a |
Персоналии (Фамилия) |
Бондаренко |
| b |
Персоналии (Имя, инициалы) |
Н. А. |
| 600 |
Персоналии |
_0 |
| a |
Персоналии (Фамилия) |
Кошкин |
| b |
Персоналии (Имя, инициалы) |
М. Ф. |
| 600 |
Персоналии |
_0 |
| a |
Персоналии (Фамилия) |
Каронин-Петропавловский |
| b |
Персоналии (Имя, инициалы) |
Н. Е. |
| 600 |
Персоналии |
_0 |
| a |
Персоналии (Фамилия) |
Афиногенов |
| b |
Персоналии (Имя, инициалы) |
Н. А. |
| 600 |
Персоналии |
_0 |
| a |
Персоналии (Фамилия) |
Левенштейн |
| b |
Персоналии (Имя, инициалы) |
Е. П. |
| 600 |
Персоналии |
_0 |
| a |
Персоналии (Фамилия) |
Денисова |
| b |
Персоналии (Имя, инициалы) |
Э. И. |
| 606 |
Тематические рубрики |
0_ |
| a |
Основная рубрика |
Календарь знаменательных дат - Ульяновская область - 2018 |
| 610 |
Ключевые слова |
0_ |
| a |
Ключевые слова |
поэты |
| 610 |
Ключевые слова |
0_ |
| a |
Ключевые слова |
писатели |
| 610 |
Ключевые слова |
0_ |
| a |
Ключевые слова |
мемуаристы |
| 610 |
Ключевые слова |
0_ |
| a |
Ключевые слова |
чувашские историки |
| 610 |
Ключевые слова |
0_ |
| a |
Ключевые слова |
поэтессы |
| 610 |
Ключевые слова |
0_ |
| a |
Ключевые слова |
литераторы |
| 610 |
Ключевые слова |
0_ |
| a |
Ключевые слова |
прозаики |
| 686 |
Индексы других классификаций |
__ |
| a |
Классификационный индекс |
92 |
| 2 |
Код системы |
ББК |
| 801 |
Источник записи |
_0 |
| a |
Страна |
RU |
| b |
Организация |
МБУК ЦБС г. Ульяновска |
| c |
Дата составления |
20181031 |
| g |
Правила каталогизации |
RCR |
| 801 |
Источник записи |
_1 |
| a |
Страна |
RU |
| b |
Организация |
МБУК ЦБС г. Ульяновска |
| c |
Дата составления |
20181031 |
| g |
Правила каталогизации |
RCR |
| 901 |
Тип документа |
__ |
| t |
Тип документа |
b |
| w |
Контрольный № источника |
RU/CBS_UL/BASE/594209363 |
| 910 |
Корректоры записи |
__ |
| a |
Корректор записи |
Ильина |
| 938 |
Служебная информация |
__ |
| a |
Имя БД |
kraeved |